Statistiques concernant Les meilleurs Rugbymans Français en images

Cliquez ici pour prendre le quiz!

Statistiques générales

  • Ce quiz a été pris 155 fois
  • Le résultat moyen est 8 sur 16

Statistiques - réponses

Réponse% Correct
Antoine Dupont
100%
Sébastien Chabal
97%
Thierry Dusautoir
88%
Serge Blanco
82%
Frédéric Michalak
77%
Fabien Galthié
76%
Fabien Pelous
57%
Raphael Ibanez
52%
Serge Betsen
46%
Jean-Pierre Rives
42%
Abdelatif Benazzi
33%
Philippe Sella
33%
Christophe Lamaison
31%
Joseph Maso
20%
Thierry Lacroix
8%
Jean Prat
4%

Distribution des résultats

Percentile par nombre de réponses

% des personnes avec chaque résultat

Votre développement - résultats

Vous n’avez pas pris ce quiz